000 00309nam a22001337a 4500
008 170327b xxu||||| |||| 00| 0 eng d
020 _a9780803612433
041 _aeng
080 _24TH
_a615.83
100 _a8
101 _aSHM
245 _aCLINICAL KINESIOLOGY AND ANATOMY
_cLIPPERT, L.S
942 _2udc
_cBK
999 _c8707
_d8707